| 000 | 00336nam a22001337a 4500 | ||
|---|---|---|---|
| 003 | SGT | ||
| 082 |
_a658.4 _bKEE |
||
| 100 | _aKEERTIKA | ||
| 245 | _aSTUDIES ON STRATEGIC DEVELOPMENT AND BIOLOGICAL ACTIVITY OF SOME N-HETEROCYCLES | ||
| 260 |
_aSGT UNIVERSITY _bFABS _c2025 |
||
| 300 | _a244 | ||
| 650 | _aCHEMISTRY | ||
| 942 |
_2ddc _cTH |
||
| 999 |
_c33251 _d33251 |
||